[Event "SRB-chT 1st League Women 2018"]
[Site "Zajecar"]
[Date "2018.09.07"]
[Round "8"]
[White "Atalik, Ekaterina"]
[Black "Doluhanova, Evgeniya"]
[Result "1/2-1/2"]
[WhiteElo "2447"]
[BlackElo "2321"]
[Annotator "TA"]
[PlyCount "101"]
[EventDate "2018.08.31"]
[EventType "team-tourn"]
[EventCountry "SRB"]
[SourceTitle "playchess.com"]
[Source "ChessBase"]
[SourceQuality "1"]

{[%evp 21,101,26,32,31,33,47,51,25,24,21,20,17,45,45,41,41,45,45,45,44,41,54,48,52,43,37,24,29,37,37,27,25,33,30,36,12,8,0,0,0,0,0,0,-4,0,0,0,-13,0,-4,0,-2,0,0,0,0,0,0,0,0,0,0,0,0,0,0,0,0,0,0,0,0,0,0,0,0,0,0,0,0,0,0]} 1. d4 Nf6 2. c4 e6 3. Nc3 Bb4 4. g3 c5 5. Nf3 b6 6. Bg2 Bb7 7. O-O cxd4 8. Qxd4 Nc6 9. Qd3 O-O 10. b3 {E20: Nimzo-Indian: 4 g3 and 4 f3} d5 11. cxd5 Ne7 {LiveBook: 5 Games} 12. Bd2 {White is slightly better.} Bxc3 13. Bxc3 {And now d6 would win.} Qxd5 {[#]} 14. Qxd5 $146 ({Predecessor:} 14. Qc2 Qf5 15. Qb2 Bxf3 16. Bxf3 Rac8 17. Rac1 Ng6 {1-0 (51) Bacrot,E (2709)-Bartel,M (2609) Germany 2010}) 14... Bxd5 15. Bb4 Rfe8 16. Rfc1 a5 17. Bxe7 Rxe7 18. Ne5 Bxg2 19. Kxg2 Rb7 20. Rc6 g6 21. Rac1 Nd5 22. a3 Kg7 23. e4 Ne7 24. Rc7 Raa7 $1 25. Rxb7 Rxb7 $14 {[%mdl 4096] Endgame KRN-KRN} 26. Kf3 f5 27. Ke3 Kf6 28. Nd3 g5 {The position is equal.} 29. Nb2 fxe4 30. Kxe4 Rd7 31. Rd1 Nd5 32. Rd3 Rc7 33. Nc4 a4 34. Nd6 {[#] Threatens to win with Ne8+.} Rc6 35. Rf3+ Ke7 36. Nf5+ $1 exf5+ 37. Kxd5 $11 {KR-KR} Rc5+ 38. Kd4 axb3 39. Rxb3 Ra5 40. h3 Kf7 41. f3 h5 42. Kc4 Rc5+ 43. Kd4 Ra5 44. f4 gxf4 45. gxf4 Ra4+ 46. Ke5 Ra5+ 47. Kd6 Ra4 48. Rf3 Rc4 49. Ke5 Rc5+ 50. Kd4 Ra5 51. Rb3 {Precision: White = 71%, Black = 79%.} 1/2-1/2

[Event "SRB-chT 1st League Women 2018"]
[Site "Zajecar"]
[Date "2018.09.07"]
[Round "8"]
[White "Bojkovic, Natasa"]
[Black "Badelka, Olga"]
[Result "0-1"]
[WhiteElo "2384"]
[BlackElo "2404"]
[Annotator "NA"]
[PlyCount "72"]
[EventDate "2018.08.31"]
[EventType "team-tourn"]
[EventCountry "SRB"]
[SourceTitle "playchess.com"]
[Source "ChessBase"]
[SourceQuality "1"]
[TimeControl "40/5400+30:1800+30"]

1. e4 {[%emt 0:00:00]} c5 {[%emt 0:00:00]} 2. Nc3 {[%emt 0:00:01]} Nc6 {[%emt 0:00:00]} 3. Bb5 {[%emt 0:00:28]} Nd4 {[%emt 0:00:00]} 4. Nf3 {[%emt 0:00:29]} e6 {[%emt 0:00:16] LiveBook: 526 Games} 5. O-O {[%emt 0:02:15]} a6 {[%emt 0:00:07]} 6. Bd3 {[%emt 0:00:23]} Nxf3+ {[%emt 0:04:21]} 7. Qxf3 {[%emt 0:00:06]} d6 {[%emt 0:00:04] B30: Sicilian: 2...Nc6 3 Bb5, lines without ...g6} 8. b3 {[%emt 0:11:20]} Nf6 {[%emt 0:05:41]} 9. Qg3 {[%emt 0:04:39]} g6 {[%emt 0:04:42]} 10. Bb2 {[%emt 0:06:25]} Bg7 {[%emt 0:00:10]} 11. a4 $146 {[%emt 0:08:50]} ({Predecessor:} 11. Rae1 O-O 12. a4 d5 13. exd5 Nxd5 14. Nd1 Bd7 15. Bxg7 Kxg7 {½-½ (52) Movsesian,S (2630)-Sermek,D (2575) Pula 1997}) 11... O-O {[%emt 0:00:55]} 12. a5 {[%emt 0:01:49]} e5 {[%emt 0:04:40]} 13. Bc4 {[%emt 0:02:47]} Be6 {[%emt 0:02:24]} 14. Qd3 {[%emt 0:01:31]} Nh5 {[%emt 0:05:29]} 15. Ne2 {[%emt 0:00:29]} Bxc4 {[%emt 0:09:28]} 16. bxc4 {[%emt 0:15:53]} b5 {[%emt 0:00:38]} 17. axb6 {[%emt 0:01:51]} Qxb6 {[%emt 0:01:19]} 18. Bc3 {[%emt 0:00:29]} f5 {[%emt 0:08:13]} 19. exf5 {[%emt 0:06:45]} gxf5 {[%emt 0:00:49]} 20. Qh3 {[%emt 0:00:53]} Nf6 {[%emt 0:02:13]} 21. Qxf5 {[%emt 0:00:16]} Rae8 {[%emt 0:03:26]} 22. Qd3 {[%emt 0:00:35]} Qc6 {[%emt 0:07:34]} 23. Ng3 {[%emt 0:00:27]} Re6 {[%emt 0:07:57]} 24. Nf5 {[%emt 0:02:23]} Nh5 {[%emt 0:07:53]} 25. Qd5 $16 {[%emt 0:02:52]} Qe8 {[%emt 0:06:21]} 26. Nxg7 {[%emt 0:00:28]} Kxg7 {[%emt 0:00:08]} 27. g3 {[%emt 0:07:14]} Qg6 {[%emt 0:01:36]} 28. Kh1 {[%emt 0:04:39]} Ref6 {[%emt 0:00:51]} 29. Rxa6 {[%emt 0:01:39]} Qh6 {[%emt 0:06:30]} 30. Rb1 {[%emt 0:08:04]} Rxf2 {[%emt 0:03:12]} 31. Kg1 {[%emt 0:06:12]} Nf6 {[%emt 0:01:51]} 32. Qb7+ {[%emt 0:02:45]} Rf7 {[%emt 0:01:25]} 33. Qxf7+ {[%emt 0:00:50]} Kxf7 {[%emt 0:00:04]} 34. Kxf2 {[%emt 0:00:41]} Qxh2+ {[%emt 0:00:09]} 35. Kf3 {[%emt 0:00:12]} e4+ {[%emt 0:00:29]} 36. Kf4 {[%emt 0:00:12]} Qf2+ {[%emt 0:00:25]} 0-1

[Event "SRB-chT 1st League Women 2018"]
[Site "Zajecar"]
[Date "2018.09.07"]
[Round "8"]
[White "Chelushkina, Irina"]
[Black "Matkovic, Simana"]
[Result "*"]
[WhiteElo "2280"]
[BlackElo "1937"]
[Annotator "NA"]
[PlyCount "53"]
[EventDate "2018.08.31"]
[EventType "team-tourn"]
[EventCountry "SRB"]
[SourceTitle "playchess.com"]
[Source "ChessBase"]
[SourceQuality "1"]
[TimeControl "40/5400+30:1800+30"]

1. g3 {[%emt 0:00:00]} d5 {[%emt 0:00:00]} 2. Bg2 {[%emt 0:00:00]} Bf5 {[%emt 0:00:00]} 3. c4 {[%emt 0:00:08]} e6 {[%emt 0:09:33]} 4. cxd5 {[%emt 0:00:20]} exd5 {[%emt 0:00:33]} 5. Qb3 {[%emt 0:02:29]} Nf6 {[%emt 0:02:22]} 6. Qxb7 {[%emt 0:04:50]} Nbd7 {[%emt 0:00:15]} 7. d4 {[%emt 0:04:16]} c5 {[%emt 0:10:01]} 8. Nc3 {[%emt 0:14:35]} Nb6 {[%emt 0:12:01] [#]} 9. Nb5 $1 {[%emt 0:10:55]} Rb8 {[%emt 0:10:13]} (9... Rc8 $16) 10. Qxa7 {[%emt 0:03:44]} Na8 {[%emt 0:09:17]} 11. a4 {[%emt 0:03:32]} c4 {[%emt 0:16:37]} 12. Bd2 $18 {[%emt 0:03:42]} Be7 {[%emt 0:00:37]} 13. Nf3 {[%emt 0:06:40]} Ne4 {[%emt 0:02:22]} 14. Ne5 {[%emt 0:03:57]} Qc8 {[%emt 0:00:18]} 15. Bxe4 {[%emt 0:01:30]} Bxe4 {[%emt 0:01:06]} 16. f3 {[%emt 0:00:06]} Bf5 {[%emt 0:00:20]} 17. Nc6 {[%emt 0:02:56]} Rb7 {[%emt 0:01:14]} 18. Nxe7 {[%emt 0:00:06]} Kxe7 {[%emt 0:02:03]} 19. Qa6 {[%emt 0:02:46]} Rb6 {[%emt 0:00:34]} 20. Qa7+ {[%emt 0:01:39]} Kf6 {[%emt 0:01:27]} 21. e4 {[%emt 0:03:20]} dxe4 {[%emt 0:01:29]} 22. fxe4 {[%emt 0:01:25]} Re8 {[%emt 0:00:44]} 23. O-O {[%emt 0:11:45]} Rxe4 {[%emt 0:00:13]} 24. Rxf5+ {[%emt 0:00:11]} Kxf5 {[%emt 0:05:09]} 25. Qxf7+ {[%emt 0:00:17]} Kg4 {[%emt 0:02:53]} 26. Rf1 {[%emt 0:02:38]} Rf6 {[%emt 0:01:39]} 27. Qxg7+ {[%emt 0:00:07]} *

[Event "SRB-chT 1st League Women 2018"]
[Site "Zajecar"]
[Date "2018.09.07"]
[Round "8"]
[White "Injac, Teodora"]
[Black "Petrovic, Marija"]
[Result "1-0"]
[WhiteElo "2241"]
[BlackElo "2098"]
[Annotator "NA"]
[PlyCount "131"]
[EventDate "2018.08.31"]
[EventType "team-tourn"]
[EventCountry "SRB"]
[SourceTitle "playchess.com"]
[Source "ChessBase"]
[SourceQuality "1"]
[TimeControl "40/5400+30:1800+30"]

1. d4 {[%emt 0:00:00]} d6 {[%emt 0:00:00]} 2. Nf3 {[%emt 0:00:02]} g6 {[%emt 0:00:06]} 3. c4 {[%emt 0:00:15]} Bg7 {[%emt 0:00:08]} 4. Nc3 {[%emt 0:00:59]} Nd7 {[%emt 0:00:11]} 5. e4 {[%emt 0:00:23]} e5 {[%emt 0:00:12] LiveBook: 1354 Games} 6. Be2 {[%emt 0:00:41]} Ngf6 {[%emt 0:00:28]} 7. O-O {[%emt 0:00:23]} O-O {[%emt 0:00:07]} 8. Qc2 {[%emt 0:00:56]} Re8 {[%emt 0:09:25]} 9. Rd1 {[%emt 0:19:29]} c6 {[%emt 0:06:09]} 10. d5 {[%emt 0:04:31]} c5 {[%emt 0:01:07]} 11. a3 {[%emt 0:06:33]} Nf8 $146 {[%emt 0:01:22] E94: King's Indian: Classical: 6 Be2 e5 7 0-0: Various Black 7th moves} ({Predecessor:} 11... Nh5 12. g3 Bf8 13. Ne1 Ng7 14. b4 b6 15. Rb1 Be7 16. bxc5 bxc5 17. Ng2 f5 18. f3 Rf8 19. Qa4 {1-0 (50) Zakharov,A (2295)-Chernobay,A (2511) Sochi 2015}) 12. Ne1 {[%emt 0:01:47]} h6 {[%emt 0:03:09]} 13. b4 {[%emt 0:05:03]} b6 {[%emt 0:00:12]} 14. Rb1 {[%emt 0:03:08]} g5 {[%emt 0:00:10]} 15. bxc5 {[%emt 0:05:50]} bxc5 {[%emt 0:00:08]} 16. Qa4 {[%emt 0:00:17]} a5 {[%emt 0:04:41]} 17. f3 {[%emt 0:05:26]} Ng6 {[%emt 0:00:36]} 18. Nd3 {[%emt 0:05:54]} Bd7 {[%emt 0:02:03]} 19. Qc2 {[%emt 0:02:42]} Nf4 {[%emt 0:02:04]} 20. Nxf4 {[%emt 0:09:49]} (20. Bf1 $16) 20... exf4 {[%emt 0:10:42]} 21. Nb5 {[%emt 0:00:23]} Bxb5 {[%emt 0:00:20]} 22. Rxb5 {[%emt 0:00:34]} Nd7 {[%emt 0:00:32]} 23. Bb2 {[%emt 0:06:49]} Ne5 {[%emt 0:05:22]} 24. Rb1 {[%emt 0:01:43]} Ra7 {[%emt 0:03:59]} 25. Bc3 {[%emt 0:00:46]} Bf6 {[%emt 0:08:47]} 26. Qd2 {[%emt 0:02:38]} Qd7 {[%emt 0:02:29]} 27. Qb2 {[%emt 0:04:05]} Kg7 {[%emt 0:00:22]} 28. Kh1 {[%emt 0:00:58]} Rea8 {[%emt 0:04:03]} 29. Rb6 {[%emt 0:02:21]} Qc7 {[%emt 0:03:11]} 30. Rb7 {[%emt 0:02:29]} Rxb7 {[%emt 0:05:41]} 31. Qxb7 {[%emt 0:00:05]} Ra7 {[%emt 0:01:12]} 32. Qxc7 {[%emt 0:00:26]} Rxc7 {[%emt 0:00:02]} 33. Rb5 {[%emt 0:06:20]} Ra7 {[%emt 0:02:46]} 34. g3 {[%emt 0:01:55]} Nd7 {[%emt 0:02:43]} 35. Bd2 {[%emt 0:00:55]} Be5 {[%emt 0:00:57]} 36. Kg2 {[%emt 0:00:04]} Kf6 {[%emt 0:01:48]} 37. a4 {[%emt 0:00:17]} h5 {[%emt 0:02:35]} 38. Rxa5 {[%emt 0:00:45]} Rb7 {[%emt 0:00:44]} 39. Rb5 {[%emt 0:00:06]} Ra7 {[%emt 0:00:07]} 40. a5 {[%emt 0:00:00]} Kg6 {[%emt 0:00:00]} 41. Bd1 {[%emt 0:01:48]} h4 {[%emt 0:12:59]} 42. gxh4 {[%emt 0:02:03]} gxh4 {[%emt 0:00:02]} 43. Ba4 {[%emt 0:00:39]} f5 {[%emt 0:00:56]} 44. exf5+ {[%emt 0:05:25]} Kxf5 {[%emt 0:00:07]} 45. Rb1 {[%emt 0:00:53]} Bd4 {[%emt 0:05:29]} 46. Bxd7+ {[%emt 0:07:40]} Rxd7 {[%emt 0:00:06]} 47. a6 {[%emt 0:01:18]} Ra7 {[%emt 0:02:00]} (47... h3+ $142 48. Kf1 Ra7) 48. Rb6 {[%emt 0:00:35]} Ke5 {[%emt 0:03:41]} 49. Ba5 {[%emt 0:05:54]} h3+ {[%emt 0:04:10]} (49... Be3 $142 50. Rc6 Ra8 51. Bc3+ Bd4) 50. Kxh3 {[%emt 0:00:34]} Rh7+ {[%emt 0:00:09]} 51. Kg2 {[%emt 0:01:02]} Rg7+ {[%emt 0:00:05]} 52. Kf1 {[%emt 0:00:48]} Rg1+ {[%emt 0:00:08]} 53. Ke2 {[%emt 0:00:00]} Ra1 {[%emt 0:00:11]} 54. Rb5 {[%emt 0:00:43]} Ra2+ {[%emt 0:01:22]} 55. Kf1 $2 {[%emt 0:01:23]} Ra1+ $1 {[%emt 0:01:50]} 56. Kg2 {[%emt 0:01:25]} Ra2+ {[%emt 0:01:04]} 57. Kf1 {[%emt 0:00:58]} Ra1+ {[%emt 0:00:07]} 58. Ke2 {[%emt 0:00:02]} Ra2+ {[%emt 0:00:06]} 59. Kd1 $18 {[%emt 0:00:19]} Ra1+ $18 {[%emt 0:13:28]} 60. Kc2 {[%emt 0:00:14]} Ra2+ {[%emt 0:00:47]} 61. Kb3 {[%emt 0:00:37]} Rf2 {[%emt 0:03:11]} 62. a7 {[%emt 0:00:37]} Rxf3+ {[%emt 0:00:09]} 63. Ka4 {[%emt 0:01:18]} Rf1 {[%emt 0:01:22]} 64. a8=Q {[%emt 0:00:20]} Ra1+ {[%emt 0:00:35]} 65. Kb3 {[%emt 0:00:02]} f3 {[%emt 0:00:16]} 66. Qe8+ {[%emt 0:00:37] Kxd5} 1-0

[Event "SRB-chT 1st League Women 2018"]
[Site "Zajecar"]
[Date "2018.09.07"]
[Round "8"]
[White "Prudnikova, Svetlana"]
[Black "Velikic, Adela"]
[Result "*"]
[WhiteElo "2229"]
[BlackElo "2339"]
[Annotator "NA"]
[PlyCount "82"]
[EventDate "2018.08.31"]
[EventType "team-tourn"]
[EventCountry "SRB"]
[SourceTitle "playchess.com"]
[Source "ChessBase"]
[SourceQuality "1"]
[TimeControl "40/5400+30:1800+30"]

1. Nf3 {[%emt 0:00:00]} d5 {[%emt 0:00:00]} 2. d4 {[%emt 0:00:08]} Nf6 {[%emt 0:00:00]} 3. c4 {[%emt 0:00:28]} c6 {[%emt 0:00:00]} 4. Qc2 {[%emt 0:00:38]} dxc4 {[%emt 0:01:15]} 5. Qxc4 {[%emt 0:00:36] LiveBook: 3054 Games} Bf5 {[%emt 0:00:08]} 6. g3 {[%emt 0:05:43]} e6 {[%emt 0:00:47]} 7. Bg2 {[%emt 0:00:26]} Nbd7 {[%emt 0:00:56]} 8. O-O {[%emt 0:00:36]} Be7 {[%emt 0:01:12]} 9. Qb3 {[%emt 0:01:11]} Qb6 {[%emt 0:03:11]} 10. Nc3 {[%emt 0:03:03] D23: Queen's Gambit Accepted: 3 Nf3 Nf6 sidelines} (10. Nbd2 Qxb3 11. Nxb3 Be4 12. Rd1 h6 13. Ne1 Bxg2 14. Kxg2 O-O-O 15. Bd2 Bd6 16. f3 Bc7 17. Nd3 g5 {½-½ (31) Babic,D (2463)-Johnson,B (2463) ICCF email 2016}) 10... Ne4 {[%emt 0:05:46]} 11. Qxb6 {[%emt 0:12:51]} axb6 {[%emt 0:05:06]} 12. Nd2 {[%emt 0:06:14]} Nxc3 {[%emt 0:06:09]} 13. bxc3 {[%emt 0:00:05]} b5 $146 {[%emt 0:02:41]} ({Predecessor:} 13... Bc2 14. e4 e5 15. Bh3 exd4 16. cxd4 {½-½ (39) Volkov,D (2174)-Rikkinen,S Vladimir 2004}) 14. e4 {[%emt 0:01:28]} Bg6 {[%emt 0:05:01]} 15. c4 {[%emt 0:11:14]} bxc4 {[%emt 0:03:08]} 16. Nxc4 {[%emt 0:01:51]} Ra4 {[%emt 0:01:57]} 17. Ne3 {[%emt 0:01:34]} Rxd4 {[%emt 0:04:01]} 18. Bb2 {[%emt 0:00:06]} Ra4 {[%emt 0:00:28]} 19. Bxg7 {[%emt 0:01:12]} Rg8 {[%emt 0:00:16]} 20. Bc3 $17 {[%emt 0:03:52]} Bxe4 {[%emt 0:00:42]} 21. Bxe4 {[%emt 0:04:24]} Rxe4 {[%emt 0:00:56]} 22. a4 {[%emt 0:00:37]} Bc5 {[%emt 0:14:30]} 23. Rfb1 {[%emt 0:06:26]} b6 {[%emt 0:08:10]} 24. a5 {[%emt 0:00:40]} b5 {[%emt 0:03:49]} 25. a6 {[%emt 0:01:10]} Ke7 {[%emt 0:03:17]} 26. a7 {[%emt 0:01:07]} Ra8 {[%emt 0:00:36]} 27. Ra6 {[%emt 0:00:33]} Rxa7 {[%emt 0:17:20]} 28. Rxc6 {[%emt 0:00:25]} b4 {[%emt 0:01:22]} 29. Rxc5 {[%emt 0:02:37]} Nxc5 {[%emt 0:00:25]} 30. Bxb4 {[%emt 0:00:02]} Rc7 {[%emt 0:01:54]} 31. Kg2 {[%emt 0:01:47]} Kd7 {[%emt 0:06:06]} 32. Kf3 {[%emt 0:02:49]} Rd4 {[%emt 0:03:20]} 33. Bc3 {[%emt 0:07:27]} Ra4 {[%emt 0:00:35]} 34. Be5 {[%emt 0:00:24]} Rc6 {[%emt 0:00:57]} 35. Ng4 {[%emt 0:02:22]} f5 {[%emt 0:00:50]} 36. Nf6+ {[%emt 0:01:17]} Ke7 {[%emt 0:00:05]} 37. Nxh7 {[%emt 0:00:10]} Nd7 {[%emt 0:00:37]} 38. Rb7 {[%emt 0:00:57]} Kd8 {[%emt 0:00:46]} 39. Bb2 {[%emt 0:02:32]} Kc8 {[%emt 0:00:28]} 40. Rb3 {[%emt 0:00:00]} Ra2 {[%emt 0:00:00]} 41. Nf6 {[%emt 0:07:42]} Rxb2 {[%emt 0:02:48]} *

[Event "SRB-chT 1st League Women 2018"]
[Site "Zajecar"]
[Date "2018.09.07"]
[Round "8"]
[White "Gajcin, Marina"]
[Black "Gaponenko, Inna"]
[Result "1/2-1/2"]
[WhiteElo "2170"]
[BlackElo "2410"]
[Annotator "TA"]
[PlyCount "79"]
[EventDate "2018.08.31"]
[EventType "team-tourn"]
[EventCountry "SRB"]
[SourceTitle "playchess.com"]
[Source "ChessBase"]
[SourceQuality "1"]

{[%evp 12,79,35,14,38,16,33,17,37,18,25,9,33,10,74,50,70,79,61,59,67,73,95,94,80,93,87,99,99,48,55,47,46,54,169,169,169,175,170,170,212,165,320,272,295,232,370,295,293,274,285,143,163,91,105,72,70,76,156,0,0,0,0,0,0,0,0,0,0,0]} 1. e4 g6 2. d4 Bg7 3. Nc3 d6 4. Nf3 a6 5. Be3 b5 6. a4 b4 7. Na2 {LiveBook: 5 Games. B06: Modern Defence} Bb7 8. Bd3 Nf6 9. Nd2 {White is slightly better.} a5 10. O-O $146 ({Predecessor:} 10. c3 bxc3 11. bxc3 O-O 12. O-O Nbd7 13. Rb1 Qc8 14. f3 Ba6 {0-1 (31) Paulet,I (2205)-Burmakin,V (2581) Fagernes 2015}) 10... O-O 11. c3 c5 12. cxb4 cxb4 (12... axb4 $11 {remains equal.} 13. dxc5 dxc5) 13. Nc1 $16 Nbd7 14. Ncb3 Nb6 15. Qe2 e6 16. Rfc1 Qb8 17. f3 Rc8 18. Bb5 Rxc1+ 19. Rxc1 Qd8 20. Nc4 (20. Bg5 $16) 20... Nxc4 $14 21. Qxc4 {aiming for Qc7.} Rc8 22. Qf1 Nd7 {[#]} ({Black should try} 22... Rc7 $14) 23. Nxa5 $1 $18 {[%mdl 512]} Qxa5 24. Bxd7 Rxc1 25. Qxc1 b3 {intending ...Qb4.} 26. Kf2 Ba6 $2 {[#]} (26... Qb4) 27. Bb5 h5 28. Qc4 Bxb5 (28... Bb7 $142 29. Qxb3 Bxd4) 29. Qxb5 Qa7 30. Qb4 ({Weaker is} 30. Qxb3 Bxd4 31. Bxd4 Qxd4+ 32. Kg3 d5 $16) 30... Kh7 31. a5 (31. d5 $18 Qc7 32. Qxb3) 31... Qa6 $16 32. Qxb3 (32. Qc3 $18) 32... Qxa5 33. Qc3 Qa2 34. Kg3 f5 (34... Qa1 $142) 35. Kf2 $2 (35. exf5 $16 exf5 36. b4) 35... fxe4 $11 {The position is equal.} 36. fxe4 Qb1 37. Kf3 Qd1+ 38. Kf2 Qb1 39. Kf3 Qd1+ 40. Kf2 {Precision: White = 48%, Black = 52%.} 1/2-1/2

[Event "SRB-chT 1st League Women 2018"]
[Site "Zajecar"]
[Date "2018.09.07"]
[Round "8"]
[White "Srdanovic, Jovana"]
[Black "Belenkaya, Dina"]
[Result "0-1"]
[WhiteElo "2149"]
[BlackElo "2287"]
[Annotator "TA"]
[PlyCount "166"]
[EventDate "2018.08.31"]
[EventType "team-tourn"]
[EventCountry "SRB"]
[SourceTitle "playchess.com"]
[Source "ChessBase"]
[SourceQuality "1"]

{[%evp 19,166,12,54,0,70,17,85,11,34,7,25,27,30,-39,0,-14,-22,-53,-47,-88,-95,-97,-67,-97,-45,-95,-72,-68,-29,-109,-39,-44,0,0,0,-5,-7,-57,0,-57,-73,-72,-74,-141,-139,-125,-115,-114,-115,-108,-65,-168,-164,-190,-175,-190,-159,-190,-171,-190,-157,-157,-153,-190,-144,-150,-67,-148,-94,-104,-46,-46,-46,-67,-67,-67,-67,-67,-67,-67,-67,-67,-67,-67,-67,-67,-67,-67,-67,-82,-67,-103,-119,-129,-67,-67,-67,-67,-67,-67,-13,-79,-87,-93,-93,-101,-105,-103,-55,-241,-86,-76,-75,-85,-83,-264,-279,-335,-342,-382,-282,-397,-391,-397,-393,-372,-376,-347,-188,-347,-312,-651,-643,-674,-639,-494,-455,-417,-143,-566,-137,-125,-117,-247,-97,-2147,-1903,-2638,-1838]} 1. e4 c6 2. d4 d5 3. exd5 cxd5 4. Bd3 Nc6 5. c3 Qc7 6. Ne2 Bg4 7. O-O {B13: Caro-Kann: Exchange Variation and Panov-Botvinnik Attack} Nf6 8. Qe1 e6 (8... Bxe2 9. Qxe2 g6 10. f4 Bh6 11. Nd2 O-O 12. Qf2 e6 13. Qh4 Bg7 14. Nf3 Ne7 {1-0 (49) Piorun,K (2651)-Rodshtein,M (2699) Katowice 2017}) 9. f3 Bh5 10. Qh4 Rg8 {LiveBook: 3 Games} 11. Bf4 (11. Bxh7 $14 Nxh7 12. Qxh5) 11... Bd6 (11... Qb6 $11) 12. Bxd6 $146 ({Predecessor:} 12. Qg3 Bxf4 13. Nxf4 Bg6 14. Nxg6 Qxg3 15. hxg3 hxg6 {0-1 (59) Miqueu,J (2118)-Nielsen,T (2146) Denmark 2017}) 12... Qxd6 13. Nd2 (13. Bxh7 $1 $16 Nxh7 14. Qxh5) 13... O-O-O 14. b4 g5 {[%cal Bg7g5,Bg5g4][%mdl 32]} 15. Qf2 Ne7 16. Rfc1 (16. b5 $11) 16... Kb8 17. a4 g4 18. f4 Bg6 19. Bxg6 hxg6 20. Ng3 Rh8 21. b5 Rh7 (21... Nf5 $17 22. a5 Rh7) 22. Ndf1 Rdh8 23. Qe3 Nd7 24. Re1 (24. a5 $1 $11 {remains equal.}) 24... Ka8 (24... Nb6 $17 25. Qe5 Nc4 26. Qxd6+ Nxd6) 25. a5 $15 {[%cal Ba4a5,Ba5a6][%mdl 32]} Nf5 26. Nxf5 gxf5 27. a6 b6 28. Rec1 Nf6 (28... Rc8 $1 $15) 29. g3 (29. c4 $11) 29... Rc8 $36 {[%mdl 2048] White is under strong pressure.} 30. Ra4 Qd7 31. Qd3 (31. c4 $142) 31... Ne4 $17 32. Rb4 Nd6 33. Ne3 Rhh8 34. Rc2 Rc7 35. Kg2 (35. c4 $1 $15) 35... Rhc8 $19 36. Kg1 Kb8 37. Kg2 Qe7 38. Ra4 Qf8 39. Kg1 Qh8 40. Rb4 Qe8 41. Kg2 Qd7 42. Kg1 Nc4 (42... Ne4 $17 {[%cal Rc7c3]} 43. Nd1 Rc4) 43. Nd1 (43. Rc1 $15) 43... Rh8 (43... Qe7 $142 44. Rb3 Nd6) 44. Ne3 $17 {[%cal Re3c4]} Nxe3 (44... Nd6 $1 $17 45. c4 Nxc4 46. Nxc4 dxc4 47. Rcxc4 Rhc8 48. Rxc7 Qxc7) 45. Qxe3 $15 Rhc8 46. Rb3 Qd6 47. Kg2 Rc4 48. Ra2 Kc7 {[%cal Bb8c7,Bc7d7,Bd7e7,Be7f6,Bf6g6][%mdl 32]} 49. Kg1 Kd7 50. Kg2 Qc7 {[%cal Rc4c3]} 51. Raa3 $1 Re8 52. Qd3 Ke7 53. Ra2 Kf6 54. Kg1 Kg6 55. Ra1 Rc8 {[%cal Rc4c3]} 56. Raa3 Rh8 ({Better is} 56... f6 $1 $17 57. Qe3 e5 $1 {[%mdl 512]} 58. fxe5 fxe5) 57. Ra2 Qd7 58. Rb1 Qd6 59. Rbb2 f6 ({Black should try} 59... Kh6 $15) 60. Qe3 (60. Re2 $11) 60... Rhc8 $17 61. Rb3 {[#]} e5 $1 {[%mdl 512]} 62. fxe5 (62. dxe5 Qe6) 62... fxe5 63. dxe5 Qc5 64. Re2 $2 {[#]} ({White has to play} 64. Qxc5 $15 R8xc5 65. Re2) 64... Re4 $2 (64... d4 $1 $19 {[%cal Rd4e3]} 65. Qf2 (65. cxd4 $2 Rc1+ 66. Re1 Rxe1+ 67. Qxe1 Qxd4+ 68. Re3 Rc5 $19) 65... dxc3 66. Qxc5 R4xc5) 65. Qxc5 Rxc5 {[%mdl 4096] Endgame KRR-KRR} 66. Kf2 Kf7 67. Rxe4 $2 (67. Ke1 $17 {keeps fighting.}) 67... dxe4 {KR-KR} 68. Ke3 Ke6 ({Not} 68... Rxe5 69. c4 $15) 69. Kf4 {If White can now play Ke3 this consolidates a bit.} Rc4 70. Ra3 (70. Ke3 {might work better.}) 70... Rc7 71. Rb3 Rc5 72. Ke3 Kxe5 73. Ke2 Rc4 (73... Kd5 $142 74. Kd2 Rc7) 74. Ke3 $2 (74. Rb2 {is a better defense.}) 74... Rc7 $19 75. Kf2 $2 (75. Ra3) 75... Rh7 76. Kg2 Rd7 77. Rb2 e3 {( -> ...Rd2+)} 78. Kf1 {[#] intending Ke2.} Rc7 $2 (78... Rh7 $1 $19 {has better winning chances.} 79. Ke1 Kd5) 79. Rc2 $2 {[%mdl 8192]} (79. Ke2 $17) 79... Rc4 $2 (79... Ke4 $19 {aiming for ...Kd3.} 80. Ke2 Rh7) 80. Ke2 $17 Ke4 81. Rc1 (81. Ra2 $17) 81... Rc7 (81... Ra4 $19 {is more deadly.} 82. Rc2 Ra3) 82. c4 $2 {[%mdl 8192]} (82. Rf1 $17) 82... Rh7 $19 83. Rh1 Rh6 {Precision: White = 27%, Black = 49%.} 0-1

[Event "SRB-chT 1st League Women 2018"]
[Site "Zajecar"]
[Date "2018.09.07"]
[Round "8"]
[White "Urosevic, Marija"]
[Black "Eric, Jovana"]
[Result "1/2-1/2"]
[WhiteElo "2064"]
[BlackElo "2261"]
[Annotator "NA"]
[PlyCount "40"]
[EventDate "2018.08.31"]
[EventType "team-tourn"]
[EventCountry "SRB"]
[SourceTitle "playchess.com"]
[Source "ChessBase"]
[SourceQuality "1"]
[TimeControl "40/5400+30:1800+30"]

1. d4 {[%emt 0:00:00]} d6 {[%emt 0:00:00]} 2. c4 {[%emt 0:00:42]} e5 {[%emt 0:00:10]} 3. d5 {[%emt 0:02:37]} f5 {[%emt 0:01:15]} 4. e4 {[%emt 0:03:08]} fxe4 {[%emt 0:02:12]} 5. Nc3 {[%emt 0:04:26]} Nf6 {[%emt 0:02:03]} 6. h3 {[%emt 0:02:25]} Bf5 {[%emt 0:03:09]} 7. Be3 {[%emt 0:05:21]} Be7 {[%emt 0:03:56]} 8. Nge2 {[%emt 0:02:58]} O-O {[%emt 0:03:18]} 9. g4 {[%emt 0:03:59]} Bg6 {[%emt 0:00:22]} 10. Ng3 {[%emt 0:00:06]} Na6 {[%emt 0:11:28]} 11. h4 {[%emt 0:11:33]} Nc5 {[%emt 0:20:54]} 12. h5 {[%emt 0:03:57]} Be8 {[%emt 0:00:21]} 13. g5 {[%emt 0:03:44]} Nfd7 {[%emt 0:00:11]} 14. Ncxe4 {[%emt 0:00:35]} Nxe4 {[%emt 0:01:47]} 15. Nxe4 {[%emt 0:00:02]} Nc5 {[%emt 0:04:30]} 16. Nxc5 {[%emt 0:02:44]} dxc5 {[%emt 0:00:06]} 17. Qd2 {[%emt 0:01:57]} Qd6 $16 {[%emt 0:07:48]} 18. Bd3 {[%emt 0:11:04]} e4 {[%emt 0:09:50]} 19. Bc2 {[%emt 0:14:59]} Qe5 {[%emt 0:03:03]} 20. O-O-O {[%emt 0:00:16]} g6 {[%emt 0:11:58]} 1/2-1/2